| 000 | 00915cam a22003013a 4500 | ||
|---|---|---|---|
| 001 | 3366 | ||
| 003 | PGUSA | ||
| 005 | 20140828083031.0 | ||
| 008 | 041023s2004||||xxu|||||s|||||000 1 eng d | ||
| 040 |
_aPGUSA _beng |
||
| 042 | _adc | ||
| 050 | 4 | _aPS | |
| 100 | 1 |
_aHowells, William Dean, _d1837-1920 |
|
| 245 | 1 | 2 |
_aA Hazard of New Fortunes — Volume 1 _h[electronic resource] / _cWilliam Dean Howells |
| 260 |
_bProject Gutenberg, _c2004 |
||
| 506 | _aPublic domain in the USA. | ||
| 516 | _aElectronic text | ||
| 653 | _aDomestic fiction | ||
| 653 | _aMiddle-aged persons -- Fiction | ||
| 653 | _aSocial classes -- Fiction | ||
| 653 | _aMarried people -- Fiction | ||
| 653 | _aMoving, Household -- Fiction | ||
| 653 | _aNew York (N.Y.) -- Fiction | ||
| 653 | _aCity and town life -- Fiction | ||
| 830 | 0 |
_aProject Gutenberg _v3366 |
|
| 856 | 4 | 0 | _uhttp://www.gutenberg.org/ebooks/3366 |
| 942 | _cEB | ||
| 999 |
_c232695 _d232695 |
||